| 000 | 00565cam a2200181 i 4500 | ||
|---|---|---|---|
| 005 | 20251119112833.0 | ||
| 008 | 250721s1989 sy gr 000 0 ara d | ||
| 082 | 1 | 4 |
_a210.4341 _bأ ح س |
| 100 | 1 |
_aالهندي، إحسان _eمؤلف. |
|
| 245 | 1 | 2 |
_aالإسلام والقانون الدولي / _cد. احسان الهندي. |
| 250 | _aالطبعة الأولى. | ||
| 264 | 3 | 1 |
_aدمشق : _bدار طلاس، _c1989. |
| 300 | _a376 صفحة. | ||
| 650 | 1 | 7 | _aالإسلام. |
| 650 | 1 | 7 | _aالقانون. |
| 942 |
_2ddc _cBK |
||
| 999 |
_c1419 _d1419 |
||